| 000 | 00401nam a2200145Ia 4500 | ||
|---|---|---|---|
| 008 | 230312s9999||||xx |||||||||||||| ||und|| | ||
| 020 | _a0-470-05996-8 | ||
| 082 |
_a629.135 _bMOI-A |
||
| 100 | _aMoir;Lan | ||
| 245 | 0 | _aAircraft Systems Mechanical Electrical and Avionics Subsystems Integration | |
| 260 |
_bJohn Wiley _aUSA _c2008 |
||
| 300 | _a504 | ||
| 650 |
_aEngineering _vAvionics |
||
| 942 | _cBK | ||
| 999 |
_c10830 _d10830 |
||